000 00453 a2200181 4500
005 20260401112728.0
008 260319b |||||||| |||| 00| 0 eng d
020 _a9789382423881
_cRs. 7995.00
040 _aMAIN
082 _a570
_bS23D
100 _aSharma, Basudha
245 _a DBS handbook of life science
260 _bDBS Imprints
_c2024
_aNew Delhi
300 _axxvii, 739
650 _aLife Science
650 _aBiology
942 _cBK
999 _c396772
_d396772